[Event "St Petersburg-ch U18 Girls"]
[Site "St Petersburg"]
[Date "2007.10.11"]
[Round "7"]
[White "Rumiantseva, Maria"]
[Black "Zykova, Antonina"]
[Result "1/2-1/2"]
[WhiteElo "2068"]
[BlackElo "2041"]
[PlyCount "39"]
[EventDate "2007.10.05"]
[EventType "swiss"]
[EventRounds "9"]
[EventCountry "RUS"]
[SourceTitle "EXT 2009"]
[Source "ChessBase"]
[SourceDate "2008.11.26"]
[SourceVersion "1"]
[SourceVersionDate "2008.11.26"]
[SourceQuality "1"]

1. d4 d5 2. c4 e6 3. Nf3 c5 4. cxd5 exd5 5. g3 Nc6 6. Bg2 Nf6 7. 0-0 Be7 8. Nc3 0-0 9. Bg5 cxd4 10. Nxd4 h6 11. Be3 Re8 12. Qa4 Bd7 13. Nxd5 Nxd5 14. Bxd5 Nb4 15. Qb3 Nxd5 16. Qxd5 Bh3 17. Qxd8 Raxd8 18. Rfd1 Bf6 19. Rd2 a6 20. Nb3 1/2-1/2

[Event "St Petersburg-ch U18 Girls"]
[Site "St Petersburg"]
[Date "2007.10.08"]
[Round "4"]
[White "Manina, Ksenia"]
[Black "Rumiantseva, Maria"]
[Result "1/2-1/2"]
[WhiteElo "1995"]
[BlackElo "2068"]
[PlyCount "43"]
[EventDate "2007.10.05"]
[EventType "swiss"]
[EventRounds "9"]
[EventCountry "RUS"]
[SourceTitle "EXT 2009"]
[Source "ChessBase"]
[SourceDate "2008.11.26"]
[SourceVersion "1"]
[SourceVersionDate "2008.11.26"]
[SourceQuality "1"]

1. e4 c5 2. Nf3 Nc6 3. Bb5 Nf6 4. e5 Nd5 5. Nc3 Nc7 6. Bxc6 dxc6 7. 0-0 Ne6 8. Re1 g6 9. d3 Bg7 10. Ne4 0-0 11. Be3 b6 12. Qd2 Re8 13. Bh6 Bh8 14. c3 Qd5 15. d4 cxd4 16. cxd4 Bb7 17. Qe3 Rad8 18. Nc3 Qc4 19. b3 Qb4 20. Rad1 Rd7 21. Rd3 Red8 22. Red1 1/2-1/2

[Event "St Petersburg-ch (Women)"]
[Site "St Petersburg"]
[Date "2007.02.27"]
[Round "3.8"]
[White "Minina, Veronika"]
[Black "Rumiantseva, Maria"]
[Result "1-0"]
[WhiteElo "2133"]
[BlackElo "2025"]
[PlyCount "83"]
[EventDate "2007.02.24"]
[EventType "swiss"]
[EventRounds "9"]
[EventCountry "RUS"]
[SourceTitle "CBM 117 Extra"]
[Source "ChessBase"]
[SourceDate "2007.05.09"]
[SourceVersion "1"]
[SourceVersionDate "2007.05.09"]
[SourceQuality "1"]

1. Nf3 d5 2. g3 c5 3. Bg2 Nc6 4. 0-0 e5 5. d3 Nf6 6. Bg5 Be7 7. Nfd2 0-0 8. Nc3 Be6 9. e4 d4 10. Bxf6 Bxf6 11. Nd5 Bxd5 12. exd5 Nb4 13. a3 Nxd5 14. Qf3 Nb6 15. Qxb7 Qc8 16. Qe4 Rb8 17. a4 Qd7 18. b3 Rbe8 19. a5 Nc8 20. Nc4 Re7 21. a6 Nd6 22. Qd5 Nxc4 23. Qxc4 Qd6 24. Ra5 Rc7 25. Rfa1 Rb8 26. Bb7 Be7 27. Rb5 Qd8 28. Raa5 Bf8 29. Qa4 Qg5 30. Qc4 Qd8 31. Kg2 Qe8 32. b4 Qd8 33. bxc5 Kh8 34. Bd5 Rxb5 35. Rxb5 Qe7 36. Rb7 f6 37. Be4 Qd8 38. c6 Qd6 39. Qb4 g6 40. Qa5 Rxb7 41. axb7 f5 42. c7 1-0

[Event "St Petersburg-ch sf (Women)"]
[Site "St Petersburg"]
[Date "2006.12.16"]
[Round "8"]
[White "Rumiantseva, Maria"]
[Black "Alekseeva, Alena"]
[Result "1/2-1/2"]
[WhiteElo "2053"]
[BlackElo "2032"]
[PlyCount "81"]
[EventDate "2006.11.30"]
[EventType "swiss"]
[EventRounds "9"]
[EventCountry "RUS"]
[SourceTitle "EXT 2019"]
[Source "ChessBase"]
[SourceDate "2018.10.10"]
[SourceVersion "1"]
[SourceVersionDate "2018.10.10"]
[SourceQuality "1"]

1. d4 d5 2. c4 dxc4 3. e3 Nf6 4. Bxc4 e6 5. Nf3 a6 6. a4 c5 7. 0-0 Nc6 8. Nc3 Be7 9. b3 0-0 10. Ba3 cxd4 11. Bxe7 Qxe7 12. Nxd4 Nxd4 13. Qxd4 Bd7 14. Rfd1 Bc6 15. Qd6 Qxd6 16. Rxd6 Rfd8 17. Rad1 Rxd6 18. Rxd6 Kf8 19. f3 Ke7 20. Rd1 Rc8 21. e4 Nd7 22. Kf2 Nc5 23. a5 Be8 24. Ne2 Nd7 25. Nd4 Rc5 26. Ra1 Ne5 27. Be2 Nc6 28. Nxc6+ Bxc6 29. Ra2 Bb5 30. b4 Rh5 31. Bxb5 Rxb5 32. Rb2 b6 33. axb6 a5 34. Ke3 axb4 35. Kd4 Kd6 36. Kc4 Rxb6 37. Rxb4 Rxb4+ 38. Kxb4 Ke5 39. Kc4 Kf4 40. Kd3 g5 41. Ke2 1/2-1/2

[Event "St Petersburg-ch sf (Women)"]
[Site "St Petersburg"]
[Date "2006.12.02"]
[Round "2"]
[White "Shushpanova, Nina Aleksandro"]
[Black "Rumiantseva, Maria"]
[Result "0-1"]
[WhiteElo "2044"]
[BlackElo "2053"]
[PlyCount "40"]
[EventDate "2006.11.30"]
[EventType "swiss"]
[EventRounds "9"]
[EventCountry "RUS"]
[SourceTitle "EXT 2019"]
[Source "ChessBase"]
[SourceDate "2018.10.10"]
[SourceVersion "1"]
[SourceVersionDate "2018.10.10"]
[SourceQuality "1"]

1. e4 c5 2. Nf3 g6 3. d4 cxd4 4. Qxd4 Nf6 5. Bb5 Bg7 6. e5 Ng8 7. Nc3 Nc6 8. Bxc6 bxc6 9. Ne4 f6 10. e6 d6 11. Qc4 Qb6 12. Be3 Qa6 13. Qxa6 Bxa6 14. Rd1 Nh6 15. Nd4 Rc8 16. h3 0-0 17. g4 f5 18. gxf5 gxf5 19. Ng5 Rce8 20. c3 Be5 0-1

[Event "Baltic Sea Chess Stars"]
[Site "Narva"]
[Date "2006.11.11"]
[Round "5.7"]
[White "Rumiantseva, Maria"]
[Black "Demidowicz, Maria"]
[Result "1-0"]
[WhiteElo "2053"]
[BlackElo "1961"]
[PlyCount "69"]
[EventDate "2006.11.08"]
[EventType "team"]
[EventRounds "7"]
[EventCountry "EST"]
[SourceTitle "CBM 115 Extra"]
[Source "ChessBase"]
[SourceDate "2007.01.10"]
[SourceVersion "1"]
[SourceVersionDate "2007.01.10"]
[SourceQuality "1"]

1. d4 Nf6 2. c4 g6 3. Nc3 Bg7 4. e4 0-0 5. f3 c5 6. d5 d6 7. Bg5 h6 8. Be3 e6 9. dxe6 Bxe6 10. Qd2 Nc6 11. Rd1 Nd7 12. Nb5 a6 13. Nxd6 Qb6 14. f4 Nd4 15. e5 Bg4 16. Ne2 Rad8 17. Bxd4 cxd4 18. b4 f6 19. c5 Qc7 20. Qxd4 fxe5 21. Qd5+ Kh7 22. Qxb7 Qxb7 23. Nxb7 Rb8 24. c6 Nb6 25. h3 Bxe2 26. Bxe2 exf4 27. 0-0 Bc3 28. a3 Rf6 29. Bf3 Bb2 30. Rd3 h5 31. Re1 Kh6 32. Re7 g5 33. Be4 g4 34. h4 Rh8 35. Nd6 1-0

[Event "Baltic Sea Chess Stars"]
[Site "Narva"]
[Date "2006.11.11"]
[Round "6.7"]
[White "Somova, Nadezda"]
[Black "Rumiantseva, Maria"]
[Result "1/2-1/2"]
[WhiteElo "1907"]
[BlackElo "2053"]
[PlyCount "54"]
[EventDate "2006.11.08"]
[EventType "team"]
[EventRounds "7"]
[EventCountry "EST"]
[SourceTitle "CBM 115 Extra"]
[Source "ChessBase"]
[SourceDate "2007.01.10"]
[SourceVersion "1"]
[SourceVersionDate "2007.01.10"]
[SourceQuality "1"]

1. e4 c5 2. Nf3 g6 3. c3 Bg7 4. d4 cxd4 5. cxd4 d5 6. e5 Nc6 7. Nc3 Bg4 8. Bb5 Bxf3 9. Qxf3 e6 10. 0-0 Nh6 11. Bxh6 Bxh6 12. Qh3 Bg7 13. Rac1 Qb6 14. Qe3 0-0 15. Bxc6 bxc6 16. Rc2 Qb4 17. a3 Qb3 18. Rfc1 Rfc8 19. Ne2 Qa4 20. Nc3 Qb3 21. Nb1 Rab8 22. Qxb3 Rxb3 23. Nd2 Rd3 24. Nf3 Bh6 25. Ra1 Rb3 26. Kf1 Rcb8 27. Ra2 R8b6 1/2-1/2

[Event "Baltic Sea Chess Stars"]
[Site "Narva"]
[Date "2006.11.09"]
[Round "3.7"]
[White "Rumiantseva, Maria"]
[Black "Laurusaite, Brigita"]
[Result "0-1"]
[WhiteElo "2053"]
[BlackElo "1962"]
[PlyCount "136"]
[EventDate "2006.11.08"]
[EventType "team"]
[EventRounds "7"]
[EventCountry "EST"]
[SourceTitle "CBM 115 Extra"]
[Source "ChessBase"]
[SourceDate "2007.01.10"]
[SourceVersion "1"]
[SourceVersionDate "2007.01.10"]
[SourceQuality "1"]

1. d4 d5 2. c4 c6 3. Qc2 Nf6 4. Nf3 g6 5. Nbd2 Bg7 6. g3 0-0 7. Bg2 Bf5 8. Qd1 Qc8 9. 0-0 Na6 10. b3 Bh3 11. Bb2 Bxg2 12. Kxg2 e6 13. Rc1 Qd8 14. a3 Rc8 15. b4 b5 16. cxb5 cxb5 17. Nb3 Ne4 18. Ba1 Nd6 19. Nc5 Nb8 20. Qb3 Nd7 21. a4 Rb8 22. axb5 Rxb5 23. Qa4 Nb6 24. Qxa7 Rxb4 25. Bc3 Rb5 26. Ba5 Qa8 27. Bxb6 Qxa7 28. Bxa7 Ra8 29. Nxe6 fxe6 30. Rc7 Ne8 31. Rd7 Nf6 32. Rc7 Ne8 33. Rd7 Nf6 34. Re7 Kf8 35. Rc7 Rb2 36. Bc5+ Kg8 37. Re1 Ne4 38. Rc6 Raa2 39. Rc8+ Kf7 40. Rc7+ Kg8 41. Ng1 Nc3 42. Bf8 Bxd4 43. Bh6 Nxe2 44. Rc8+ Kf7 45. Nf3 Ke7 46. Rc7+ Kd6 47. Rxh7 Bc3 48. Rf1 d4 49. Bf8+ Kd5 50. Rd7+ Kc4 51. Rc7+ Kb3 52. Rb7+ Kc2 53. Rc7 Kb3 54. Rb7+ Ka4 55. Ra7+ Kb5 56. Rb7+ Ka6 57. Re7 Rb6 58. Ne5 Kb5 59. Re8 Ra1 60. Nd7 d3 61. Nxb6 d2 62. Rxa1 Bxa1 63. Rd8 Nd4 64. Nd5 d1Q 65. Rb8+ Ka6 66. Nc7+ Ka7 67. Rb4 Qf3+ 68. Kg1 Qxf8 0-1

[Event "Baltic Sea Chess Stars"]
[Site "Narva"]
[Date "2006.11.09"]
[Round "1.7"]
[White "Rumiantseva, Maria"]
[Black "Makarova, Natalja"]
[Result "1-0"]
[WhiteElo "2053"]
[BlackElo "1731"]
[PlyCount "121"]
[EventDate "2006.11.08"]
[EventType "team"]
[EventRounds "7"]
[EventCountry "EST"]
[SourceTitle "CBM 115 Extra"]
[Source "ChessBase"]
[SourceDate "2007.01.10"]
[SourceVersion "1"]
[SourceVersionDate "2007.01.10"]
[SourceQuality "1"]

1. d4 Nf6 2. c4 e6 3. Nf3 c5 4. d5 exd5 5. cxd5 d6 6. Nc3 g6 7. e4 Bg4 8. Be2 Bxf3 9. Bxf3 a6 10. a4 Bg7 11. 0-0 Nbd7 12. Bf4 Qc7 13. Be2 0-0 14. Bg3 Rfe8 15. Qc2 Rab8 16. a5 Ne5 17. h3 g5 18. f4 gxf4 19. Rxf4 Ng6 20. Rf5 Re7 21. Raf1 Nd7 22. h4 Nge5 23. Ra1 c4 24. Qd2 Kh8 25. h5 Rg8 26. Bh4 Ree8 27. h6 Bf8 28. Bh5 Be7 29. Bf2 Nf6 30. Bxf7 Nxf7 31. Bh4 Nxe4 32. Qd4+ Ne5 33. Bxe7 Qxe7 34. Qxe4 Rg6 35. Qf4 Reg8 36. Qd2 Qe8 37. Rf2 Nd3 38. Re2 Qf8 39. Rf1 Qxh6 40. Qxh6 Rxh6 41. Rf7 Rhg6 42. Ne4 Ne5 43. Rxb7 Nf3+ 44. Kf1 Nh2+ 45. Kg1 Nf3+ 46. Kf1 Nh2+ 47. Ke1 Rxg2 48. Rxg2 Rxg2 49. Nxd6 Nf3+ 50. Kf1 Rd2 51. Nf7+ Kg8 52. d6 Nd4 53. Nh6+ Kh8 54. d7 Ne6 55. Rb6 Nd8 56. Rxa6 Rxd7 57. Rb6 Kg7 58. a6 Rc7 59. Nf5+ Kf7 60. Nd6+ Ke7 61. a7 1-0

[Event "Chigorin Memorial-B 14th"]
[Site "St Petersburg"]
[Date "2006.10.27"]
[Round "6"]
[White "Hagen, Anders Gjerdrum"]
[Black "Rumiantseva, Maria"]
[Result "1-0"]
[WhiteElo "1965"]
[BlackElo "2053"]
[PlyCount "99"]
[EventDate "2006.10.23"]
[EventType "swiss"]
[EventRounds "9"]
[EventCountry "RUS"]
[SourceTitle "EXT 2007"]
[Source "ChessBase"]
[SourceDate "2006.11.23"]
[SourceVersion "1"]
[SourceVersionDate "2006.11.23"]
[SourceQuality "1"]

1. e4 c5 2. Nf3 g6 3. d4 cxd4 4. Nxd4 Bg7 5. c4 Nc6 6. Nc2 Nf6 7. Nc3 d6 8. Be2 0-0 9. 0-0 Be6 10. Be3 Ne5 11. b3 a6 12. Rc1 Nfg4 13. Bd4 Nf6 14. f4 Nc6 15. Be3 Nd7 16. Nd5 f5 17. exf5 Bxf5 18. Bf3 e6 19. Ndb4 Nxb4 20. Nxb4 Qc7 21. g4 a5 22. gxf5 axb4 23. fxe6 Nc5 24. Bd5 Qe7 25. Qe2 Rf5 26. Rce1 Bc3 27. Rd1 Raf8 28. Rf3 b6 29. Kh1 Kh8 30. Bxc5 bxc5 31. a4 Bd4 32. Rdf1 Bc3 33. Qg2 Qh4 34. Qg3 Qe7 35. Qg4 Bd4 36. Rh3 R5f6 37. Qh4 Qg7 38. Rg3 Be5 39. Rgf3 Bd4 40. Qg4 Rf5 41. Be4 R5f6 42. f5 gxf5 43. Qxg7+ Kxg7 44. Rxf5 Rxf5 45. Rxf5 Bf6 46. Bc6 Rc8 47. Bd7 Ra8 48. Kg2 Kg6 49. Rf3 Rg8 50. Rg3+ 1-0

[Event "EU-ch U16 Girls"]
[Site "Herceg Novi"]
[Date "2006.09.14"]
[Round "5"]
[White "Rumiantseva, Maria"]
[Black "Saulyte, Evelina"]
[Result "1/2-1/2"]
[WhiteElo "2053"]
[BlackElo "1984"]
[PlyCount "76"]
[EventDate "2006.09.10"]
[EventType "swiss"]
[EventRounds "9"]
[EventCountry "MNE"]
[SourceTitle "CBM 114 Extra"]
[Source "ChessBase"]
[SourceDate "2006.11.03"]
[SourceVersion "1"]
[SourceVersionDate "2006.11.03"]
[SourceQuality "1"]

1. d4 d5 2. c4 c6 3. Nf3 Nf6 4. Nc3 e6 5. e3 Nbd7 6. Bd3 dxc4 7. Bxc4 b5 8. Be2 Bb7 9. 0-0 a6 10. e4 c5 11. e5 Nd5 12. Ne4 Qb6 13. a4 Nc7 14. dxc5 Nxc5 15. Nd6+ Bxd6 16. Qxd6 Nd7 17. Be3 Qxd6 18. exd6 Nd5 19. axb5 a5 20. Nd2 Ne5 21. Nb3 Kd7 22. Nxa5 Nxe3 23. fxe3 Bd5 24. Rfd1 f5 25. b4 g5 26. Rac1 Kxd6 27. Nb7+ Ke7 28. Rc7+ Kf6 29. Nd6 Ra2 30. Re1 Rd8 31. Nc8 f4 32. b6 f3 33. gxf3 Bxf3 34. b7 Bxb7 35. Rf1+ Kg6 36. Ne7+ Kh6 37. Rxb7 Rxe2 38. Rf6+ Ng6 1/2-1/2

[Event "EU-ch U16 Girls"]
[Site "Herceg Novi"]
[Date "2006.09.11"]
[Round "2"]
[White "Rumiantseva, Maria"]
[Black "Severiukhina, Zoja"]
[Result "1/2-1/2"]
[WhiteElo "2053"]
[BlackElo "2201"]
[PlyCount "61"]
[EventDate "2006.09.10"]
[EventType "swiss"]
[EventRounds "9"]
[EventCountry "MNE"]
[SourceTitle "CBM 114 Extra"]
[Source "ChessBase"]
[SourceDate "2006.11.03"]
[SourceVersion "1"]
[SourceVersionDate "2006.11.03"]
[SourceQuality "1"]

1. e4 e6 2. d4 d5 3. e5 c5 4. c3 Bd7 5. Nf3 Nc6 6. Be2 Nge7 7. a3 c4 8. b4 cxb3 9. Qxb3 Na5 10. Qc2 Nc8 11. Nbd2 Nb6 12. a4 Rc8 13. Bb2 Be7 14. 0-0 0-0 15. Ba3 Bxa3 16. Rxa3 Qc7 17. Rfa1 Nbc4 18. Nxc4 Nxc4 19. Bxc4 Qxc4 20. Ng5 g6 21. Qd2 h6 22. Nh3 Kh7 23. Nf4 a6 24. Nd3 b5 25. Nc5 Rxc5 26. dxc5 Qxc5 27. axb5 Bxb5 28. Qf4 Qc4 29. Qxc4 Bxc4 30. Rb1 Bb5 31. f3 1/2-1/2

[Event "St Petersburg White Nights op"]
[Site "St Petersburg"]
[Date "2006.06.29"]
[Round "7"]
[White "Bistrikova, Elena V"]
[Black "Rumiantseva, Maria"]
[Result "1-0"]
[WhiteElo "2191"]
[BlackElo "2017"]
[PlyCount "77"]
[EventDate "2006.06.23"]
[EventType "swiss"]
[EventRounds "9"]
[EventCountry "RUS"]
[SourceTitle "CBM 112 Extra"]
[Source "ChessBase"]
[SourceDate "2006.07.14"]
[SourceVersion "1"]
[SourceVersionDate "2006.07.14"]
[SourceQuality "1"]

1. d4 Nf6 2. Nf3 e6 3. g3 d5 4. c4 Be7 5. Bg2 0-0 6. 0-0 Nbd7 7. Nbd2 c6 8. Qc2 b6 9. e4 dxe4 10. Nxe4 Nxe4 11. Qxe4 Bb7 12. Bf4 Nf6 13. Qc2 c5 14. Rfd1 Qc8 15. dxc5 Qxc5 16. a3 Be4 17. Qe2 Qh5 18. Bd6 Bxd6 19. Rxd6 Rad8 20. Rad1 Rxd6 21. Rxd6 Qc5 22. Qd1 Ng4 23. Qd4 Qxd4 24. Nxd4 Bxg2 25. Kxg2 Ne5 26. b3 g5 27. f4 gxf4 28. gxf4 Ng6 29. Kf3 Rc8 30. Nc6 Rc7 31. Ke4 Kg7 32. Nd4 Re7 33. Nb5 Nh4 34. Rd8 e5 35. f5 Kf6 36. Nc3 Kg5 37. Nd5 Rb7 38. Rg8+ Kh6 39. Rg4 1-0

[Event "St Petersburg White Nights op"]
[Site "St Petersburg"]
[Date "2006.06.26"]
[Round "4"]
[White "Rumiantseva, Maria"]
[Black "Bazeev, German"]
[Result "1/2-1/2"]
[WhiteElo "2017"]
[BlackElo "2182"]
[PlyCount "95"]
[EventDate "2006.06.23"]
[EventType "swiss"]
[EventRounds "9"]
[EventCountry "RUS"]
[SourceTitle "CBM 112 Extra"]
[Source "ChessBase"]
[SourceDate "2006.07.14"]
[SourceVersion "1"]
[SourceVersionDate "2006.07.14"]
[SourceQuality "1"]

1. d4 d5 2. Nf3 Nf6 3. g3 e6 4. Bg2 c5 5. 0-0 Nc6 6. b3 cxd4 7. Nxd4 Bc5 8. Bb2 0-0 9. e3 Qe7 10. Nd2 e5 11. Nxc6 bxc6 12. c4 Ba6 13. Re1 e4 14. Qc2 Rac8 15. a3 Bd6 16. Qc3 Bb7 17. f3 exf3 18. Bxf3 Rcd8 19. b4 Rfe8 20. c5 Bb8 21. Nb3 Qf8 22. Nd4 Be5 23. Qc2 h5 24. Nf5 g6 25. Bxe5 Rxe5 26. Nd6 Ba8 27. e4 dxe4 28. Bxe4 Qe7 29. Kf1 Nxe4 30. Rxe4 Qf6+ 31. Rf4 Rf5 32. Qc1 Rxf4+ 33. gxf4 Bb7 34. Ra2 Ba6+ 35. Kg2 Qe6 36. Rf2 Qg4+ 37. Kh1 Be2 38. Qc3 Rd7 39. h3 Qe6 40. f5 Qd5+ 41. Kh2 Re7 42. fxg6 fxg6 43. Qf6 Qe5+ 44. Qxe5 Rxe5 45. Rf7 a6 46. Rc7 Bf3 47. Ra7 h4 48. Ra8+ 1/2-1/2

[Event "St Petersburg White Nights op"]
[Site "St Petersburg"]
[Date "2006.06.24"]
[Round "2"]
[White "Rumiantseva, Maria"]
[Black "Nikitinyh, Boris Aleksandrovic"]
[Result "0-1"]
[WhiteElo "2017"]
[BlackElo "2247"]
[PlyCount "110"]
[EventDate "2006.06.23"]
[EventType "swiss"]
[EventRounds "9"]
[EventCountry "RUS"]
[SourceTitle "CBM 112 Extra"]
[Source "ChessBase"]
[SourceDate "2006.07.14"]
[SourceVersion "1"]
[SourceVersionDate "2006.07.14"]
[SourceQuality "1"]

1. d4 Nf6 2. c4 e6 3. Nf3 d5 4. g3 c6 5. Qc2 Nbd7 6. Nbd2 Be7 7. Bg2 0-0 8. 0-0 Re8 9. e4 Nxe4 10. Nxe4 dxe4 11. Qxe4 Bf6 12. Ne5 c5 13. Nxd7 Bxd7 14. d5 exd5 15. Qxd5 Be6 16. Qxc5 Rc8 17. Qh5 Bxc4 18. Rd1 Qb6 19. Be3 Qxb2 20. Rab1 Qxa2 21. Rxb7 a6 22. Bd5 Bxd5 23. Qxd5 Qxd5 24. Rxd5 h6 25. Rdd7 Rf8 26. Ra7 Rc6 27. Rdb7 Re8 28. Rxf7 Ree6 29. Rfd7 Kh7 30. Rd5 Kg6 31. h4 Be5 32. Kg2 Bc3 33. Bd2 Be5 34. Be3 Kf6 35. Bd4 Bxd4 36. Rxd4 Ke5 37. Ra4 g6 38. Rh7 h5 39. Rd7 Red6 40. Re7+ Kd5 41. Ree4 Kc5 42. Rec4+ Kb6 43. Rcb4+ Kc7 44. Rf4 Rf6 45. Kf3 Rxf4+ 46. Kxf4 Kb6 47. Kg5 a5 48. g4 Kb5 49. Re4 hxg4 50. Rxg4 a4 51. f4 a3 52. Rg1 Ka4 53. f5 gxf5 54. Kxf5 a2 55. Rg7 Rc5+ 0-1

[Event "St Petersburg Rudenko Memorial (Women)"]
[Site "St Petersburg"]
[Date "2005.08.28"]
[Round "9"]
[White "Bezgodova, Svetlana"]
[Black "Rumiantseva, Maria"]
[Result "1-0"]
[WhiteElo "2193"]
[BlackElo "2021"]
[PlyCount "57"]
[EventDate "2005.08.20"]
[EventType "swiss"]
[EventRounds "9"]
[EventCountry "RUS"]
[SourceTitle "CBM 107 Extra"]
[Source "ChessBase"]
[SourceDate "2005.09.01"]
[SourceVersion "1"]
[SourceVersionDate "2005.09.01"]
[SourceQuality "1"]

1. e4 c5 2. Nf3 Nc6 3. d4 cxd4 4. Nxd4 g6 5. Nc3 Bg7 6. Be3 Nf6 7. Nxc6 bxc6 8. e5 Ng8 9. f4 Nh6 10. Qd2 Nf5 11. Bf2 0-0 12. 0-0-0 Qa5 13. Bc4 d5 14. Bb3 Rd8 15. g4 Nh6 16. h3 Ba6 17. Rhe1 Qc7 18. Na4 Bb5 19. Nc5 a5 20. a4 Ba6 21. f5 Kh8 22. e6 f6 23. fxg6 hxg6 24. Nxa6 Rxa6 25. Qd3 Qc8 26. Qxg6 Rg8 27. Be3 Qe8 28. Qd3 Ra8 29. c3 1-0

[Event "St Petersburg Rudenko Memorial (Women)"]
[Site "St Petersburg"]
[Date "2005.08.23"]
[Round "4"]
[White "Rumiantseva, Maria"]
[Black "Yugina, Maria"]
[Result "1/2-1/2"]
[WhiteElo "2021"]
[BlackElo "2023"]
[PlyCount "77"]
[EventDate "2005.08.20"]
[EventType "swiss"]
[EventRounds "9"]
[EventCountry "RUS"]
[SourceTitle "CBM 107 Extra"]
[Source "ChessBase"]
[SourceDate "2005.09.01"]
[SourceVersion "1"]
[SourceVersionDate "2005.09.01"]
[SourceQuality "1"]

1. d4 Nf6 2. c4 e6 3. Nf3 Bb4+ 4. Bd2 a5 5. g3 0-0 6. Bg2 b6 7. 0-0 Bb7 8. Bg5 Be7 9. Bxf6 Bxf6 10. Nc3 g6 11. e4 Bg7 12. Qd3 Nc6 13. d5 Nb4 14. Qd2 exd5 15. exd5 d6 16. Rfe1 Qd7 17. a3 Na6 18. b3 Nc5 19. Rab1 Rfe8 20. b4 Na4 21. Rxe8+ Qxe8 22. Re1 Qd7 23. Nxa4 Qxa4 24. Re7 Qxa3 25. Rxc7 Ba6 26. Qf4 Qa1+ 27. Bf1 Qf6 28. Ng5 Qxf4 29. gxf4 a4 30. Bd3 a3 31. Bb1 Re8 32. Kf1 Bc3 33. Ba2 Re1+ 34. Kg2 Re2 35. Ra7 Rxa2 36. Rxa6 Bxb4 37. Ra8+ Kg7 38. Ra7 Rd2 39. Ne6+ 1/2-1/2

[Event "St Petersburg White Nights op"]
[Site "St Petersburg"]
[Date "2005.06.24"]
[Round "7"]
[White "Rumiantseva, Maria"]
[Black "Timchenko, Aleksandr"]
[Result "1/2-1/2"]
[WhiteElo "2019"]
[BlackElo "2101"]
[PlyCount "38"]
[EventDate "2005.06.18"]
[EventType "swiss"]
[EventRounds "9"]
[EventCountry "RUS"]
[SourceTitle "CBM 106 Extra"]
[Source "ChessBase"]
[SourceDate "2005.07.01"]
[SourceVersion "1"]
[SourceVersionDate "2005.07.01"]
[SourceQuality "1"]

1. d4 g6 2. c4 Bg7 3. Nc3 c6 4. e4 d5 5. cxd5 cxd5 6. e5 Nc6 7. f4 f6 8. Be2 Nh6 9. Bf3 e6 10. Be3 Nf5 11. Bf2 fxe5 12. dxe5 Qa5 13. Qd2 Bd7 14. Nge2 0-0 15. 0-0 Bh6 16. Qd1 Nfe7 17. Bh4 Nf5 18. Bf2 Nfe7 19. Bh4 Nf5 1/2-1/2

[Event "St Petersburg White Nights op"]
[Site "St Petersburg"]
[Date "2005.06.22"]
[Round "5"]
[White "Rumiantseva, Maria"]
[Black "Domnin, Vladimir"]
[Result "0-1"]
[WhiteElo "2019"]
[BlackElo "2252"]
[PlyCount "118"]
[EventDate "2005.06.18"]
[EventType "swiss"]
[EventRounds "9"]
[EventCountry "RUS"]
[SourceTitle "CBM 106 Extra"]
[Source "ChessBase"]
[SourceDate "2005.07.01"]
[SourceVersion "1"]
[SourceVersionDate "2005.07.01"]
[SourceQuality "1"]

1. d4 d5 2. c4 c6 3. Qc2 Nf6 4. Nf3 e6 5. g3 Be7 6. Bg2 0-0 7. 0-0 Nbd7 8. Nbd2 Nb6 9. b3 dxc4 10. Nxc4 Nxc4 11. Qxc4 Nd5 12. e4 Nb6 13. Qc2 Bd7 14. Rd1 Rc8 15. Be3 Bd6 16. Rac1 Qe7 17. Qd3 f5 18. exf5 exf5 19. Bg5 Qf7 20. Ne5 Bxe5 21. dxe5 Be6 22. Be3 Rc7 23. Bc5 Rd7 24. Qe3 Ra8 25. Bxb6 axb6 26. Rd2 Rxd2 27. Qxd2 Qd7 28. Qxd7 Bxd7 29. Rd1 Be6 30. Rd2 Kf7 31. f4 Ke7 32. Kf2 h6 33. Ke3 g5 34. h3 Ra5 35. Bf3 Rc5 36. Kd3 Rc1 37. Rd1 Rc5 38. Rd2 Bd5 39. Bxd5 Rxd5+ 40. Ke3 Ra5 41. Kd4 Rc5 42. Ke3 Rc3+ 43. Rd3 gxf4+ 44. gxf4 Rc2 45. Rd2 Rc1 46. Kf2 Rc3 47. Kg2 h5 48. h4 b5 49. Kg1 b4 50. Kg2 c5 51. Rf2 b5 52. Rf3 c4 53. Kf2 Rc2+ 54. Ke1 Rxa2 55. Kd1 Rh2 56. Rg3 Rxh4 57. Rg7+ Ke6 58. Rb7 Rxf4 59. Rxb5 cxb3 0-1